banner-ar

FROM CARRIAGE TO SPACESHIP / (Record no. 15599)

MARC details
000 -الفاتح
حقل البيانات ثابتة الطول 00384nam a2200145Ia 4500
008 - عناصر البيانات ثابتة الطول - معلومات عامة
حقل البيانات ثابتة الطول 140319s9999 xx 000 0 eng d
040 ## - مصدر الفهرسة
وكالة الفهرسة الأصلية GCL /
وكالة النسخ GCL
082 04 - رقم تصنيف ديوى العشرى
رقم التصنيف 388
رقم المادة M F
100 1# - المدخل الرئيسى - إسم شخصى
الإسم الشخصى MIKHALKOV, SERGIE
245 10 - بيان العنوان
العنوان FROM CARRIAGE TO SPACESHIP /
بيان المسئوليه,etc MIKHALKOV, SERGIE
260 ## - PUBLICATION, DISTRIBUTION, ETC. (IMPRINT)
تاريخ النشر أو التوزيع 1975
650 04 - المدخل الاضافى بالموضوع-مصطلح موضوعى
مصطلح موضوعي TRANSPORTATION
942 ## - عناصر المدخل الإضافي( كوها)
مصدر التصنيف او مخطط الترفيف Dewey Decimal Classification
Koha [default] item type كتاب
260 ## - PUBLICATION, DISTRIBUTION, ETC. (IMPRINT)
-- [S.N] :
-- BROWN WATSON LTD ،
Holdings
حالة التراجع حالة الفقد حالة تلف ليس للاعارة المكان المؤقت الموقع الحالى تاريخ الاكتساب اجمالي اﻻعارات رقم الطلب الباركود تاريخ اخر مشاهدة تاريخ تفعيل السعر نوع وعاء كوها
        مكتبة القاهرة الكبرى مكتبة القاهرة الكبرى 03/26/2014   388\M F 28827 03/26/2014 03/26/2014 كتاب

Powered By

EGPV